|
|
|
|
| LEADER |
00000nab a2200000ua 4500 |
| 001 |
vtls010788302 |
| 003 |
SK-MaSNL |
| 005 |
20260303173455.0 |
| 008 |
230222s1965 xo |||||||||||||||||eng| |
| 035 |
|
|
|a (urnnbn)urn:nbn:sk:snk:ar-a02ayw
|
| 035 |
|
|
|a (uuid)365f0687-9478-4d45-b69b-180b205342c1
|
| 035 |
|
|
|a urn:nbn:sk:snk-ab4jjt
|
| 040 |
|
|
|a SNKBUCL
|b slo
|c SNKBUCL
|e AACR2
|
| 041 |
0 |
|
|a eng
|
| 044 |
|
|
|a xo
|c SK
|
| 100 |
1 |
|
|a Smirnova, G. A.
|4 aut
|9 1199730
|
| 245 |
1 |
0 |
|a ON THE NATURE OF THE INACTIVATING EFFECT OF ANIMAL TISSUE EXTRACTS AGAINST MYXOVIRUS HAEMAGGLUTININS
|c G. A. Smirnova, V. M. Zhdanov
|
| 700 |
1 |
|
|a Zhdanov, V. M.
|4 aut
|9 1174223
|
| 773 |
0 |
|
|t Acta virologica
|g Roč. 9, č. 2 (1965), s. 137-143
|
| 958 |
|
|
|a OND
|
| 958 |
|
|
|a EUIPO
|
| 958 |
|
|
|a article3
|
| 999 |
|
|
|c 2092621
|d 2094551
|